|
|
|
|
| LEADER |
00000cas a2200000 a 4500 |
| 001 |
vtls001221441 |
| 003 |
SK-MaSNL |
| 005 |
20260228163505.0 |
| 008 |
160414d19861996xo ar|p 0yy0b0slo |
| 015 |
|
|
|a SNBE1996/0200758
|
| 020 |
|
|
|a 8096753312
|
| 035 |
|
|
|a SNK000166592
|
| 040 |
|
|
|a SNK
|b slo
|c SNK
|e AACR2
|
| 041 |
0 |
|
|a slo
|
| 044 |
|
|
|a xo
|c SK
|
| 080 |
|
|
|a 050
|2 2001
|
| 080 |
|
|
|a (059)
|2 2011
|
| 245 |
0 |
0 |
|a Slovenský maratónec ...
|
| 260 |
|
|
|a Čadca
|b Pegas
|c [1986]-[1996]
|
| 300 |
|
|
|a zv.
|c 21 cm
|
| 310 |
|
|
|a 1x ročne
|
| 362 |
0 |
|
|a [1986]-[1996]
|
| 655 |
|
7 |
|a ročenky
|2 SNKPH
|9 57146
|
| 850 |
|
|
|a Slovenská národná knižnica v Martine
|
| 910 |
|
|
|a snk
|
| 919 |
|
|
|a 80-967533-1-2
|
| 999 |
|
|
|c 9577
|d 11507
|
| 952 |
|
|
|0 0
|1 0
|4 0
|7 0
|a SNK
|b SNK
|d 1996-10-15
|i snk3536/961023
|l 0
|o snkC 1867
|r 2005-01-01 00:00:00
|t R. 1995
|w 2026-02-21
|y NEVYP
|
| 952 |
|
|
|0 0
|1 0
|4 0
|7 0
|a SNK
|b SNK
|d 1996-10-15
|i snkKSP 8671/96
|l 0
|o snkČSD 2022/1995
|p 17A0065755
|r 2005-01-01 00:00:00
|w 2026-02-21
|y PREZ
|
| 952 |
|
|
|0 0
|1 0
|4 0
|7 0
|a SNK
|b SNK
|d 1996-10-15
|i snkKSP 8672/96
|l 0
|o snkČSD 2022/1995 D1
|p 17A0013747
|r 2005-01-01 00:00:00
|w 2026-02-21
|y PREZ
|